000
00242nam a2200109Ia 4500
008
190216s9999||||xx |||||||||||||| ||und||
100
_a
Khadar Ua
245
0
_a
Thrukkotur Peruma
260
_b
Nbs Kottayam
650
_a
Malayalam
942
_c
BK
999
_c
26108
_d
26108